Фигурное катание: комментарий к судейству

Chi tiết về thư mục
Tác giả chính: Абсалямова И. В. Ирина Васильевна
Tác giả khác: Богданова Е. В. Евгения Валентиновна
Tóm tắt:Исключено из фонда НТБ ТПУ
Ngôn ngữ:Tiếng Nga
Được phát hành: Москва, Физкультура и спорт, 1981
Định dạng: MixedMaterials Sách
KOHA link:https://koha.lib.tpu.ru/cgi-bin/koha/opac-detail.pl?biblionumber=128468

MARC

LEADER 00000nam0a2200000 4500
001 128468
005 20231031132759.0
020 |a RU  |b 81-57561 
035 |a (RuTPU)RU\TPU\book\138970 
090 |a 128468 
100 |a 20071227d1981 m y0rusy5003 ca 
101 0 |a rus 
102 |a RU 
105 |a a z 000zy 
200 1 |a Фигурное катание  |e комментарий к судейству  |f И. В. Абсалямова, Е. В. Богданова 
210 |a Москва  |c Физкультура и спорт  |d 1981 
215 |a 143 с.  |c ил. 
333 |a Исключено из фонда НТБ ТПУ 
700 1 |a Абсалямова  |b И. В.  |g Ирина Васильевна 
701 1 |a Богданова  |b Е. В.  |g Евгения Валентиновна 
801 0 |a RU  |b RuMRKP  |c 19950704  |g psbo 
801 1 |a RU  |b 63413507  |c 20071227  |g PSBO 
801 2 |a RU  |b 63413507  |c 20220616  |g PSBO 
942 |c BK